000 01062nam a22002537a 4500
001 22174
005 20260407102938.0
008 260406b |||||||| |||| 00| 0 spa d
041 _aESP
082 _a531.12
_bB39 2017
100 _aBeer, Ferdinand P.
_eAUT
245 _aMecánica vectorial para ingenieros:
_bestática
260 _a :
_b ,
_c2017
300 _avarias paginaciones :
_b ;
_c27 cm.
440 _a ;
650 _aTCA
654 _aCII
700 _a;
856 _uhttps://itmsp.museknowledge.com/UCSP?url=https://www.ebooks7-24.com:443/?il=16345&pg=1
_zVersión digital (2021)
856 _uhttps://0u213vg9f-y-https-ebooks7--24-com.itmsp.museknowledge.com/biblioteca.aspx
_zVéase además: Base de datos Ebook7-24
856 _uhttps://0u21dvg9u-y-https-ebooks-editorialmacro-com.itmsp.museknowledge.com/library
_zVéase además: Base de datos Macro Digital
856 _uhttps://0u20fvga0-y-https-research-ebsco-com.itmsp.museknowledge.com/c/qxo6us/search
_zVéase además: Base de datos EBSCOhost
942 _cLIB
_dJUS
_fJUS
_n0
_2ddc
999 _c22174
_d22174